000 00753nam a2200181 a 4500
008 100621s2005 ||||||||||||||||| || u
050 _aIBRD(08)
100 _aStern, Jon
245 1 0 _aRegulatory effectiveness: the impact of regulation and regulatory governance arrangements on electricity industry outcomes
_cby Jon Stern; John Cubbin
260 _aWashington, D. C.
_bWorld Bank
_c2005
300 _a59p.: ill
350 _a0.00
490 _aPolicy Research Working Paper
650 _aGOVERNANCE
650 _aGOVERNANCE--REGULATIONS AND POLICIES
700 _aCubbin, John
995 _D0.00
_FCBU-MAIN LIBRARY (Kitwe)
_H1
_I0.00
_M1
_UAVAILABLE
_WJun 21, 2010
_ZInternational Publications
999 _c55970
_d55970